Wird geladen...
| LEADER | 00467nam a2200145Ia 4500 | ||
|---|---|---|---|
| 008 | 150624b xxu||||| |||| 00| p hin d | ||
| 082 | |a 861.8S16 | ||
| 100 | |a Shaul Saxena | ||
| 245 | |c Shaul Saxena |a Vaidehi / | ||
| 260 | |a Delhi : |b Allan , |c 1990. | ||
| 546 | |a In Hindi. | ||
| 650 | |v Poetry | ||
| 942 | |c BK | ||
| 999 | |c 92440 |d 92440 | ||
| 952 | |0 0 |1 0 |4 0 |6 861_000000000000000_8S16_VAI_H |7 0 |9 92382 |a UL |b UL |c ST1 |d 1998-09-15 |l 1 |o 861.8S16 VAI H |p 65935 |r 2013-12-17 |s 2013-10-21 |w 2012-10-27 |y BK | ||